| 000 | 00874nas a2200277 4500 | ||
|---|---|---|---|
| 001 | BR8904164 | ||
| 003 | BR-BrBNA | ||
| 005 | 20231205091655.0 | ||
| 007 | ta | ||
| 008 | 230509b bl.|||p| |||| 00| 00por d | ||
| 040 |
_aBR-BrBNA _bpor _cBiblioteca Nacional de Agricultura |
||
| 041 | _a(Pt) | ||
| 072 | _aL51 | ||
| 100 | 1 | _aPessoa, J.M. | |
| 100 | 1 | _aVelez, C.E.S. | |
| 100 | 1 | _aCardoso, W.M. | |
| 100 | 1 | _aodriguez, N.M. | |
| 245 | 1 | _aNiveis sericos de tiroxina (T4-RIA)e triiodotironina (T3-RIA)em ovinos alimentados com Leucaena leucocephala LAM | |
| 650 | _aRUMINANTE | ||
| 650 | _aLEUCAENA | ||
| 650 | _aNUTRICAO ANIMAL | ||
| 650 | _aTIROXINA | ||
| 773 | 0 |
_tArquivo Brasileiro de Medicina Veterinaria e Zootecnia (Brazil) _xISSN 0102-0935 _g(Dec 1988), v. 40(6) p. 431-436 _wBR8904164 |
|
| 909 |
_a202311 _bLúcia _c55 _dLúcia Elande |
||
| 942 |
_2AGRIS _n0 _cANA |
||
| 999 |
_c126610 _d126610 |
||